[Event "Dhaka Rating op"]
[Site "Dhaka"]
[Date "2019.05.24"]
[Round "2"]
[White "Hasan Mahmud, Razzab"]
[Black "Avik, Sarker"]
[Result "0-1"]
[WhiteElo "1807"]
[BlackElo "2000"]
[PlyCount "60"]
[EventDate "2019.05.23"]
[EventType "swiss"]
[EventRounds "8"]
[EventCountry "BAN"]
[SourceTitle "EXT 2020"]
[Source "ChessBase"]
[SourceDate "2019.10.17"]
[SourceVersion "1"]
[SourceVersionDate "2019.10.17"]
[SourceQuality "1"]

1. e4 e5 2. Nf3 Nf6 3. Nc3 Bb4 4. a3 Bxc3 5. bxc3 0-0 6. d3 d5 7. Bg5 dxe4 8. Bxf6 Qxf6 9. dxe4 Rd8 10. Qc1 Bg4 11. Be2 Nd7 12. Qg5 Qxg5 13. Nxg5 Bxe2 14. Kxe2 Nc5 15. Ke3 Na4 16. Rab1 b6 17. c4 Rd4 18. Rb4 Nc5 19. f3 Rad8 20. Kf2 a5 21. Rbb1 f6 22. Nh3 Rxc4 23. Rhd1 Rxc2+ 24. Kg3 Rdd2 25. Rxd2 Rxd2 26. Ra1 h5 27. Ng1 g5 28. h3 Ne6 29. h4 Nf4 30. hxg5 Rxg2+ 0-1